| 000 | 01309nam a2200313 i 4500 | ||
|---|---|---|---|
| 001 | 190652 | ||
| 003 | ES-MaACL | ||
| 005 | 20240129125259.0 | ||
| 008 | 220311s2021 sp 001 f spa d | ||
| 020 | _a978-84-7960-840-8 | ||
| 080 | _a821.134.2-31"19" | ||
| 100 | 1 |
_aSánchez Chapela, José Manuel. _9174305 |
|
| 245 | 1 | 0 |
_aNueve cartas a Wanda / _cJosé Manuel Sánchez Chapela ; [presentación, Juan Armindo Hernández Montero]. |
| 260 |
_aMadrid : _bEdiciones de la Torre, _c2021. |
||
| 300 |
_a315 p. ; _c24 cm. |
||
| 490 | 1 |
_aBiblioteca de nuestro mundo. Germinal ; _v8 |
|
| 490 | 1 |
_aEdiciones de la Torre ; _v652 |
|
| 586 | _aPremio de Literatura Ateneo de Madrid 2020, modalidad de Novela | ||
| 596 | _aEn cub.: Ateneo de Madrid | ||
| 700 | 1 |
_aHernández Montero, Juan Armindo _9168574 |
|
| 710 | 2 |
_aAteneo de Madrid. _91875 |
|
| 830 | 1 |
_aBiblioteca de nuestro mundo. Germinal ; _v8 _9225924 |
|
| 830 | 1 |
_aEdiciones de la Torre ; _v652 _9192503 |
|
| 852 | 4 |
_aES-MaACL _jA-14922 _9197832 _bR.153083 _cDEPO1 _dOlim: N-7922 _hDonacion: Editorial |
|
| 852 | 4 |
_aES-MaACL _jA-14923 _9197831 _bR.153083 _cDEPO1 _dOlim: N-7923 _gDedicatoria autógrafa del autor _hDonación: Editorial _tEj.1 |
|
| 942 |
_2udc _cMONOGRAFIA |
||
| 999 |
_c190652 _d190652 |
||